[Event "Bayamo"]
[Site "Bayamo"]
[Date "1990.??.??"]
[Round "7"]
[White "Hernandez Onna, Roman"]
[Black "Gomez, Adalberto"]
[Result "1-0"]
[WhiteElo "2445"]
[BlackElo "2390"]
[PlyCount "61"]
[EventDate "1990.04.??"]
[EventType "tourn"]
[EventRounds "13"]
[EventCountry "CUB"]
[EventCategory "8"]
[SourceTitle "CBM 018"]
[Source "ChessBase"]
[SourceDate "1990.10.01"]
[SourceVersion "1"]
[SourceVersionDate "1990.10.01"]
[SourceQuality "1"]

1. d4 d5 2. Nf3 Nf6 3. c4 e6 4. Nc3 Be7 5. Bg5 O-O 6. e3 h6 7. Bh4 b6 8. Bd3 c5
9. O-O cxd4 10. exd4 dxc4 11. Bxc4 Nc6 12. Re1 Bb7 13. a3 Rc8 14. Qd3 Nh5 15.
Bg3 Nxg3 16. hxg3 Bf6 17. Rad1 Qc7 18. Ba2 Rfd8 19. Bb1 Nxd4 20. Qh7+ Kf8 21.
Nh4 Bxh4 22. gxh4 f5 23. Rd3 Qf7 24. Ba2 Rc6 25. Nd5 exd5 26. Rxd4 Re6 27. Qh8+
Ke7 28. Rxe6+ Qxe6 29. Qxg7+ Qf7 30. Qxh6 Rd6 31. Qf4 1-0

[Event "Bayamo"]
[Site "Bayamo"]
[Date "1990.??.??"]
[Round "11"]
[White "Zapata, Alonso"]
[Black "Hernandez Onna, Roman"]
[Result "1/2-1/2"]
[WhiteElo "2480"]
[BlackElo "2445"]
[PlyCount "91"]
[EventDate "1990.04.??"]
[EventType "tourn"]
[EventRounds "13"]
[EventCountry "CUB"]
[EventCategory "8"]
[SourceTitle "CBM 018"]
[Source "ChessBase"]
[SourceDate "1990.10.01"]
[SourceVersion "1"]
[SourceVersionDate "1990.10.01"]
[SourceQuality "1"]

1. e4 c5 2. Nf3 Nc6 3. d4 cxd4 4. Nxd4 g6 5. Nc3 Bg7 6. Nb3 Nf6 7. Be2 O-O 8.
O-O d6 9. Bg5 Rb8 10. Re1 a6 11. f4 b5 12. Bf3 h6 13. Bh4 e5 14. f5 g5 15. Bf2
Ne7 16. g4 Re8 17. Qd2 b4 18. Ne2 Bb7 19. Ng3 d5 20. Nc5 Ba8 21. Rad1 Qa5 22.
Qe2 Rbc8 23. Nd3 Qxa2 24. Nxb4 Qxb2 25. Rb1 Qc3 26. Rb3 Qc4 27. Qxc4 Rxc4 28.
Be2 Rc7 29. Bb6 Rb7 30. Nxa6 dxe4 31. Nc7 Reb8 32. Reb1 Ned5 33. Nxd5 Nxd5 34.
Ba7 Rxb3 35. Rxb3 Rxb3 36. cxb3 Nf4 37. Kf2 Bf8 38. Bc4 Bb4 39. f6 Kf8 40. Nf5
Nd5 41. Nxh6 Nxf6 42. Nxf7 Nxg4+ 43. Kg3 Nf6 44. Nxg5 Kg7 45. Ne6+ Kg6 46. Nc7
1/2-1/2

[Event "Novi Sad ol (Men)"]
[Site "Novi Sad"]
[Date "1990.??.??"]
[Round "7"]
[White "Garma, Chito"]
[Black "Hernandez Onna, Roman"]
[Result "0-1"]
[WhiteElo "2280"]
[BlackElo "2455"]
[PlyCount "146"]
[EventDate "1990.11.17"]
[EventType "team-swiss"]
[EventRounds "14"]
[EventCountry "YUG"]
[SourceTitle "TD"]
[Source "ChessBase"]
[SourceDate "1994.03.01"]

1. e4 c5 2. Nf3 Nc6 3. d4 cxd4 4. Nxd4 g6 5. c4 Nf6 6. Nc3 d6 7. Be2 Nxd4 8.
Qxd4 Bg7 9. Be3 O-O 10. Qd2 Be6 11. f3 a6 12. O-O Qa5 13. b4 Qxb4 14. Rab1 Qa5
15. Bb6 Qe5 16. Rfc1 Rac8 17. f4 Nxe4 18. Qe3 Qxc3 19. Rxc3 Nxc3 20. Rc1 Bxc4
21. Bg4 Nd5 22. Qf2 e6 23. Bd4 Bd3 24. Bb2 Rxc1+ 25. Bxc1 Rc8 26. Qe1 Rc2 27.
h4 Rxa2 28. Kh2 Bc3 29. Qg3 Be4 30. Bh3 Rc2 31. Ba3 b5 32. Bxd6 Bd4 33. Qa3 Rc6
34. Bf8 Bg7 35. Bxg7 Kxg7 36. h5 gxh5 37. Qa1+ Nf6 38. f5 exf5 39. Qe5 h6 40.
Bxf5 Bxf5 41. Qxf5 b4 42. Qa5 Rc3 43. Kg1 Rc1+ 44. Kh2 Rc3 45. Kg1 Ng4 46. Kf1
Rc4 47. Ke2 Rc2+ 48. Kd3 b3 49. g3 Rg2 50. Qxh5 Rxg3+ 51. Kd2 Nf6 52. Qa5 Rg5
53. Qc3 Rg2+ 54. Kc1 h5 55. Qxb3 h4 56. Kd1 a5 57. Ke1 Rg4 58. Qc3 a4 59. Kf2
Kg6 60. Qd3+ Kg5 61. Qb5+ Kh6 62. Qf5 Kg7 63. Qd3 Ne4+ 64. Kf1 Kg6 65. Qd8 Rf4+
66. Kg2 Ng5 67. Qg8+ Kh5 68. Qa8 Kg4 69. Qa6 h3+ 70. Kh2 Re4 71. Kg1 Re1+ 72.
Kf2 h2 73. Qxa4+ Ne4+ 0-1

[Event "Bayamo"]
[Site "Bayamo"]
[Date "1991.??.??"]
[Round "?"]
[White "Antunes, Antonio"]
[Black "Hernandez Onna, Roman"]
[Result "0-1"]
[WhiteElo "2470"]
[BlackElo "2445"]
[PlyCount "94"]
[EventDate "1991.??.??"]
[EventType "tourn"]
[EventRounds "13"]
[EventCountry "CUB"]
[EventCategory "8"]
[SourceTitle "EXT 1999"]
[Source "ChessBase"]
[SourceDate "1998.11.16"]

1. e4 c5 2. Nf3 Nc6 3. Bb5 g6 4. O-O Bg7 5. c3 Nf6 6. Re1 a6 7. Bxc6 dxc6 8. d3
O-O 9. h3 a5 10. a4 b6 11. Qc2 Ba6 12. Rd1 Qc7 13. Na3 e5 14. Be3 Rfe8 15. Nc4
Nh5 16. Nfd2 Rab8 17. b3 h6 18. Ra2 g5 19. Nf3 Qe7 20. Rb1 Nf4 21. b4 cxb4 22.
cxb4 axb4 23. g3 Nxh3+ 24. Kg2 Qe6 25. Nh2 c5 26. a5 Bxc4 27. Qxc4 Nf4+ 28.
gxf4 Qxc4 29. dxc4 exf4 30. Bc1 Rxe4 31. Nf3 Rxc4 32. Nd2 Rd4 33. a6 Ra8 34.
Kf3 f5 35. Ke2 Rd7 36. Nc4 Rda7 37. Nd6 Rxa6 38. Rxa6 Rxa6 39. Nxf5 Ra2+ 40.
Kf3 Ra1 41. Rxa1 Bxa1 42. Nd6 b3 43. Nc4 b5 44. Na3 c4 45. Ke4 Bg7 46. Nxb5 c3
47. Kf5 b2 0-1

[Event "Bayamo"]
[Site "Bayamo"]
[Date "1991.??.??"]
[Round "?"]
[White "Ulibin, Mikhail"]
[Black "Hernandez Onna, Roman"]
[Result "1/2-1/2"]
[WhiteElo "2465"]
[BlackElo "2445"]
[PlyCount "64"]
[EventDate "1991.??.??"]
[EventType "tourn"]
[EventRounds "13"]
[EventCountry "CUB"]
[EventCategory "8"]
[SourceTitle "EXT 1999"]
[Source "ChessBase"]
[SourceDate "1998.11.16"]

1. e4 e5 2. Nf3 Nc6 3. Bb5 a6 4. Ba4 Nf6 5. O-O Be7 6. Re1 b5 7. Bb3 O-O 8. d4
d6 9. c3 Bg4 10. d5 Na5 11. Bc2 Qc8 12. h3 Bd7 13. Nbd2 c6 14. dxc6 Bxc6 15. b4
Nb7 16. Nf1 Nd8 17. Ng3 g6 18. Bh6 Re8 19. Bb3 Bd7 20. Bg5 Qc7 21. Qd2 Be6 22.
Red1 Bxb3 23. axb3 Ne6 24. Bxf6 Bxf6 25. Nf1 Qc6 26. Qc2 Nd4 27. Qd3 Qxc3 28.
Qxc3 Ne2+ 29. Kh2 Nxc3 30. Rxd6 Nxe4 31. Rdxa6 Rxa6 32. Rxa6 Kg7 1/2-1/2

[Event "Capablanca Memorial-B"]
[Site "Cienfuegos"]
[Date "1991.??.??"]
[Round "?"]
[White "Hernandez Onna, Roman"]
[Black "Estevez Morales, Guillermo"]
[Result "1-0"]
[WhiteElo "2445"]
[BlackElo "2420"]
[PlyCount "49"]
[EventDate "1991.??.??"]
[EventType "tourn"]
[EventRounds "13"]
[EventCountry "CUB"]
[EventCategory "8"]
[SourceTitle "TD"]
[Source "ChessBase"]
[SourceDate "1994.03.01"]

1. Nf3 d5 2. d4 Nc6 3. g3 Bg4 4. Bg2 Qd7 5. Nbd2 Bh3 6. Bxh3 Qxh3 7. c3 f6 8.
b4 e6 9. Qa4 Bd6 10. b5 Nd8 11. b6+ Nc6 12. bxc7 Rc8 13. Rb1 Nge7 14. Rxb7 O-O
15. Ba3 Bxa3 16. Qxa3 e5 17. Nb3 e4 18. Nfd2 e3 19. fxe3 Nf5 20. Qc5 Qg2 21.
Rf1 Nce7 22. Rf3 g6 23. Nf1 Kg7 24. Nc1 a5 25. e4 1-0

[Event "Capablanca Memorial-B"]
[Site "Cienfuegos"]
[Date "1991.??.??"]
[Round "?"]
[White "Hernandez Onna, Roman"]
[Black "Frolov, Artur"]
[Result "1/2-1/2"]
[WhiteElo "2445"]
[BlackElo "2450"]
[PlyCount "70"]
[EventDate "1991.??.??"]
[EventType "tourn"]
[EventRounds "13"]
[EventCountry "CUB"]
[EventCategory "8"]
[SourceTitle "TD"]
[Source "ChessBase"]
[SourceDate "1994.03.01"]

1. d4 Nf6 2. Nf3 g6 3. c4 Bg7 4. Nc3 O-O 5. e4 d6 6. Be2 e5 7. O-O Nc6 8. d5
Ne7 9. Nd2 a5 10. Rb1 Nd7 11. a3 f5 12. b4 Kh8 13. f3 f4 14. c5 dxc5 15. bxc5
Nxc5 16. a4 Ne6 17. Ba3 Nd4 18. Bc4 g5 19. Ne2 c6 20. d6 Ng6 21. Nxd4 exd4 22.
Nb3 Ne5 23. Be2 g4 24. d7 Bxd7 25. Bxf8 Qxf8 26. Nxd4 Rd8 27. Qc1 Nd3 28. Qc4
Bc8 29. Nf5 Bxf5 30. exf5 Bd4+ 31. Kh1 Nf2+ 32. Rxf2 Bxf2 33. Qxf4 Qe7 34. Bf1
gxf3 35. Qxf3 Bd4 1/2-1/2

[Event "Capablanca Memorial-B"]
[Site "Cienfuegos"]
[Date "1991.??.??"]
[Round "?"]
[White "Vilela de Acuna, Jose Luis"]
[Black "Hernandez Onna, Roman"]
[Result "1/2-1/2"]
[WhiteElo "2440"]
[BlackElo "2445"]
[PlyCount "62"]
[EventDate "1991.??.??"]
[EventType "tourn"]
[EventRounds "13"]
[EventCountry "CUB"]
[EventCategory "8"]
[SourceTitle "TD"]
[Source "ChessBase"]
[SourceDate "1994.03.01"]

1. d4 Nf6 2. c4 g6 3. Nc3 Bg7 4. e4 d6 5. Nf3 O-O 6. h3 e5 7. d5 Na6 8. Be3 Nh5
9. Nh2 Qe8 10. Be2 f5 11. O-O f4 12. Bd2 Nf6 13. Ng4 h5 14. Nxf6+ Bxf6 15. a3
Rf7 16. b4 Rh7 17. c5 g5 18. c6 g4 19. hxg4 Qg6 20. gxh5 Qg5 21. cxb7 Bxb7 22.
Bg4 Kh8 23. Qf3 Rg7 24. Bh3 Rag8 25. Rfc1 Qh4 26. Kf1 c6 27. dxc6 Bxc6 28. Ke2
Be8 29. Qd3 f3+ 30. Qxf3 Rf7 31. Bf5 Nb8 1/2-1/2

[Event "Capablanca Memorial-B"]
[Site "Cienfuegos"]
[Date "1991.??.??"]
[Round "1"]
[White "Hernandez Onna, Roman"]
[Black "Garcia Martinez, Silvino"]
[Result "1/2-1/2"]
[WhiteElo "2445"]
[BlackElo "2370"]
[PlyCount "24"]
[EventDate "1991.??.??"]
[EventType "tourn"]
[EventRounds "13"]
[EventCountry "CUB"]
[EventCategory "8"]
[SourceTitle "TD"]
[Source "ChessBase"]
[SourceDate "1994.03.01"]

1. d4 Nf6 2. g3 g6 3. Bg2 d5 4. Nf3 Bg7 5. O-O O-O 6. c4 c6 7. cxd5 cxd5 8. Nc3
Nc6 9. Ne5 e6 10. Bf4 Nd7 11. Nf3 Nf6 12. Ne5 Nd7 1/2-1/2

[Event "Capablanca Memorial-B"]
[Site "Cienfuegos"]
[Date "1991.??.??"]
[Round "5"]
[White "Van Riemsdijk, Herman C"]
[Black "Hernandez Onna, Roman"]
[Result "1/2-1/2"]
[WhiteElo "2450"]
[BlackElo "2445"]
[PlyCount "27"]
[EventDate "1991.??.??"]
[EventType "tourn"]
[EventRounds "13"]
[EventCountry "CUB"]
[EventCategory "8"]
[SourceTitle "TD"]
[Source "ChessBase"]
[SourceDate "1994.03.01"]

1. e4 c5 2. Nf3 Nc6 3. d4 cxd4 4. Nxd4 g6 5. Nc3 Bg7 6. Be3 Nf6 7. Bc4 O-O 8.
Bb3 a5 9. a3 d6 10. h3 Bd7 11. O-O a4 12. Ba2 b5 13. Nxc6 Bxc6 14. Bd5 1/2-1/2

[Event "Capablanca Memorial-B"]
[Site "Cienfuegos"]
[Date "1991.??.??"]
[Round "6"]
[White "Hernandez Onna, Roman"]
[Black "Garcia, Gildardo"]
[Result "1-0"]
[WhiteElo "2445"]
[BlackElo "2445"]
[PlyCount "59"]
[EventDate "1991.??.??"]
[EventType "tourn"]
[EventRounds "13"]
[EventCountry "CUB"]
[EventCategory "8"]
[SourceTitle "TD"]
[Source "ChessBase"]
[SourceDate "1994.03.01"]

1. d4 Nf6 2. Nf3 g6 3. c4 Bg7 4. Nc3 d5 5. cxd5 Nxd5 6. e4 Nxc3 7. bxc3 c5 8.
Be2 O-O 9. O-O Qa5 10. Bd2 Nd7 11. a4 Nf6 12. Qb1 Bg4 13. e5 Nd5 14. Qb3 Rad8
15. Rfd1 cxd4 16. cxd4 Qc7 17. Rac1 Qd7 18. h3 Be6 19. Bb5 Nc7 20. Bxd7 Bxb3
21. Rxc7 Bxd1 22. Bb4 e6 23. Bxf8 Bxf8 24. Rxb7 a5 25. Ng5 Bc2 26. f3 Bb4 27.
Kf2 Bc3 28. Ke3 Bxd4+ 29. Kxd4 Bxa4 30. Ne4 1-0

[Event "Capablanca Memorial-B"]
[Site "Cienfuegos"]
[Date "1991.??.??"]
[Round "7"]
[White "Sion Castro, Marcelino"]
[Black "Hernandez Onna, Roman"]
[Result "1/2-1/2"]
[WhiteElo "2405"]
[BlackElo "2445"]
[PlyCount "21"]
[EventDate "1991.??.??"]
[EventType "tourn"]
[EventRounds "13"]
[EventCountry "CUB"]
[EventCategory "8"]
[SourceTitle "TD"]
[Source "ChessBase"]
[SourceDate "1994.03.01"]

1. e4 c5 2. Nf3 Nc6 3. d4 cxd4 4. Nxd4 g6 5. c4 Nf6 6. Nc3 d6 7. Be2 Nxd4 8.
Qxd4 Bg7 9. Bg5 Qa5 10. Qd2 O-O 11. Rc1 1/2-1/2

[Event "Capablanca Memorial-B"]
[Site "Cienfuegos"]
[Date "1991.??.??"]
[Round "8"]
[White "Hernandez Onna, Roman"]
[Black "Remon, Adelquis"]
[Result "0-1"]
[WhiteElo "2445"]
[BlackElo "2470"]
[PlyCount "68"]
[EventDate "1991.??.??"]
[EventType "tourn"]
[EventRounds "13"]
[EventCountry "CUB"]
[EventCategory "8"]
[SourceTitle "TD"]
[Source "ChessBase"]
[SourceDate "1994.03.01"]

1. d4 d5 2. c4 e6 3. Nc3 c6 4. e3 f5 5. Bd3 Nf6 6. Nge2 Bd6 7. Qc2 Ne4 8. O-O
O-O 9. f3 Nxc3 10. Nxc3 Qf6 11. Bd2 Nd7 12. Rae1 Kh8 13. Bc1 dxc4 14. Bxc4 e5
15. d5 Nb6 16. Bb3 Bd7 17. Rd1 Rac8 18. Qe2 a6 19. dxc6 Bxc6 20. Bd2 Rfd8 21.
Be1 Bc5 22. Bf2 e4 23. fxe4 Rxd1 24. Rxd1 fxe4 25. Bg3 Qg5 26. Re1 Rf8 27. Bc7
Nd5 28. Nxd5 Bxd5 29. Bxd5 Qxd5 30. b3 Qd3 31. h3 Bb4 32. Qxd3 exd3 33. Rd1 d2
34. a3 Bc5 0-1

[Event "Las Palmas op"]
[Site "Las Palmas"]
[Date "1991.??.??"]
[Round "1"]
[White "Danailov, Silvio"]
[Black "Hernandez Onna, Roman"]
[Result "1/2-1/2"]
[WhiteElo "2475"]
[BlackElo "2445"]
[PlyCount "20"]
[EventDate "1991.??.??"]
[EventType "swiss"]
[EventRounds "9"]
[EventCountry "ESP"]
[SourceTitle "EXT 1997"]
[Source "ChessBase"]
[SourceDate "1996.11.15"]
[SourceVersion "1"]
[SourceVersionDate "1996.11.15"]
[SourceQuality "1"]

1. e4 c5 2. Nf3 Nc6 3. d4 cxd4 4. Nxd4 g6 5. c4 Bg7 6. Be3 d6 7. Nc3 Nf6 8. Be2
O-O 9. O-O Bd7 10. Qd2 Rc8 1/2-1/2

[Event "Las Palmas op"]
[Site "Las Palmas"]
[Date "1991.??.??"]
[Round "2"]
[White "Brito Garcia, Alfredo"]
[Black "Hernandez Onna, Roman"]
[Result "1-0"]
[WhiteElo "2350"]
[BlackElo "2445"]
[PlyCount "37"]
[EventDate "1991.??.??"]
[EventType "swiss"]
[EventRounds "9"]
[EventCountry "ESP"]
[SourceTitle "EXT 1997"]
[Source "ChessBase"]
[SourceDate "1996.11.15"]
[SourceVersion "1"]
[SourceVersionDate "1996.11.15"]
[SourceQuality "1"]

1. d4 Nf6 2. Nf3 g6 3. Nc3 d5 4. Bf4 Bg7 5. e3 O-O 6. Be2 Bg4 7. Ne5 Bxe2 8.
Qxe2 Nbd7 9. h4 h5 10. O-O-O c5 11. g4 e6 12. Bg5 hxg4 13. h5 gxh5 14. Rxh5 Qc7
15. Rh4 Rfe8 16. Rdh1 a6 17. Nxg4 Nxg4 18. Qxg4 Nf8 19. Rh8+ 1-0

[Event "Las Palmas op"]
[Site "Las Palmas"]
[Date "1991.??.??"]
[Round "6"]
[White "Perez Pardo, Juan Carlos"]
[Black "Hernandez Onna, Roman"]
[Result "0-1"]
[WhiteElo "2320"]
[BlackElo "2445"]
[PlyCount "40"]
[EventDate "1991.??.??"]
[EventType "swiss"]
[EventRounds "9"]
[EventCountry "ESP"]
[SourceTitle "EXT 1997"]
[Source "ChessBase"]
[SourceDate "1996.11.15"]
[SourceVersion "1"]
[SourceVersionDate "1996.11.15"]
[SourceQuality "1"]

1. e4 c5 2. Nf3 Nc6 3. d4 cxd4 4. Nxd4 g6 5. Nc3 Bg7 6. Be3 Nf6 7. Nxc6 bxc6 8.
Bd3 d6 9. h3 O-O 10. Qd2 Qa5 11. Ne2 Qc7 12. O-O-O Rb8 13. c3 Be6 14. Bb1 Rb7
15. Rdf1 Rfb8 16. b3 a5 17. Kd1 a4 18. Nc1 axb3 19. Nxb3 Bxb3+ 20. axb3 Rxb3
0-1

[Event "Las Palmas op1"]
[Site "Las Palmas"]
[Date "1991.??.??"]
[Round "?"]
[White "Garcia Padron, Jose"]
[Black "Hernandez Onna, Roman"]
[Result "0-1"]
[WhiteElo "2445"]
[BlackElo "2445"]
[PlyCount "94"]
[EventDate "1991.??.??"]
[EventType "swiss"]
[EventRounds "9"]
[EventCountry "ESP"]
[SourceTitle "EXT 2004"]
[Source "ChessBase"]
[SourceDate "2003.11.25"]

1. d4 Nf6 2. c4 g6 3. Nc3 Bg7 4. e4 d6 5. Nf3 O-O 6. Be3 c6 7. Be2 e5 8. dxe5
dxe5 9. Bc5 Qxd1+ 10. Rxd1 Re8 11. Bd6 Nbd7 12. O-O Bf8 13. Rfe1 Nc5 14. Bf1
Bg4 15. b4 Bxf3 16. gxf3 Bxd6 17. Rxd6 Ne6 18. Red1 Rad8 19. f4 Rxd6 20. Rxd6
exf4 21. Bh3 Ng5 22. Rxf6 Nxh3+ 23. Kg2 Ng5 24. Rxf4 Rd8 25. e5 Rd3 26. Na4 Ne6
27. Rf3 Rd4 28. Nb2 Rd2 29. Na4 Rxa2 30. Nc3 Ra3 31. b5 Nf4+ 32. Kg3 Rxc3 33.
Kxf4 Rxf3+ 34. Kxf3 cxb5 35. cxb5 Kf8 36. Ke4 Ke7 37. Kd5 Kd7 38. f4 h6 39. h4
h5 40. Ke4 Ke6 41. Kd4 a6 42. b6 Kd7 43. Kc5 a5 44. Kb5 a4 45. Kxa4 Kc6 46. Kb4
Kxb6 47. Kc4 Kc6 0-1

[Event "Latin Cup"]
[Site "Bogota"]
[Date "1991.??.??"]
[Round "9"]
[White "Hernandez Onna, Roman"]
[Black "Zapata, Alonso"]
[Result "0-1"]
[WhiteElo "2445"]
[BlackElo "2530"]
[PlyCount "80"]
[EventDate "1991.??.??"]
[EventType "swiss"]
[EventRounds "11"]
[EventCountry "COL"]
[SourceTitle "TD"]
[Source "ChessBase"]
[SourceDate "1994.03.01"]

1. Nf3 g6 2. c4 Bg7 3. d4 d6 4. e4 e5 5. Be2 Nc6 6. Be3 Bg4 7. d5 Bxf3 8. Bxf3
Nd4 9. Bxd4 exd4 10. Na3 Ne7 11. O-O O-O 12. Rb1 c6 13. Nc2 Qb6 14. Qd3 a5 15.
Rfd1 c5 16. Qb3 Qxb3 17. axb3 g5 18. Ne1 Ng6 19. Nd3 b5 20. cxb5 Rfb8 21. e5
Bxe5 22. Be2 Bf6 23. Nc1 Ne5 24. Ra1 Nd7 25. Bc4 Nb6 26. Ra4 Re8 27. Kf1 g4 28.
Nd3 Bg5 29. Ra3 a4 30. Rda1 axb3 31. Rxa8 Rxa8 32. Rxa8+ Nxa8 33. Bxb3 Nb6 34.
Bd1 c4 35. Nb4 Bd2 36. Na2 d3 37. Bxg4 Nxd5 38. Bf3 Nb6 39. Nc3 Bc1 40. Nd5
Bxb2 0-1

[Event "Latin Cup"]
[Site "Bogota"]
[Date "1991.??.??"]
[Round "11"]
[White "Hernandez Onna, Roman"]
[Black "Sunye Neto, Jaime"]
[Result "1/2-1/2"]
[WhiteElo "2445"]
[BlackElo "2475"]
[PlyCount "20"]
[EventDate "1991.??.??"]
[EventType "swiss"]
[EventRounds "11"]
[EventCountry "COL"]
[SourceTitle "TD"]
[Source "ChessBase"]
[SourceDate "1994.03.01"]

1. d4 Nf6 2. c4 c6 3. Nc3 d5 4. cxd5 cxd5 5. Nf3 Nc6 6. Bf4 e6 7. e3 Bd6 8.
Bxd6 Qxd6 9. Bd3 O-O 10. O-O Bd7 1/2-1/2

[Event "Merida op"]
[Site "Merida"]
[Date "1991.??.??"]
[Round "?"]
[White "Hernandez Onna, Roman"]
[Black "Castro Rojas, Oscar Humberto"]
[Result "0-1"]
[WhiteElo "2445"]
[BlackElo "2380"]
[PlyCount "82"]
[EventDate "1991.??.??"]
[EventType "swiss"]
[EventRounds "9"]
[EventCountry "VEN"]
[SourceTitle "EXT 2000"]
[Source "ChessBase"]
[SourceDate "1999.11.16"]

1. d4 Nf6 2. Nf3 d5 3. c4 e6 4. Nc3 c5 5. cxd5 Nxd5 6. e3 Nc6 7. Bc4 Nxc3 8.
bxc3 Be7 9. O-O O-O 10. Bd3 b6 11. Qc2 h6 12. Bb2 Bb7 13. Rad1 cxd4 14. exd4
Rc8 15. Qe2 Bf6 16. Ne5 Qd5 17. f4 g6 18. Kh1 Bg7 19. Ba3 Rfe8 20. Nc4 Red8 21.
Nd6 Rxd6 22. Be4 Na5 23. Bxd5 Rxd5 24. Qe1 Bf6 25. Bc1 h5 26. Be3 h4 27. Rf3
Nc4 28. Bf2 Rb5 29. Bxh4 Bxh4 30. Qxh4 Bxf3 31. gxf3 Ne3 32. Rg1 Rf5 33. Rc1 b5
34. Qe7 a5 35. Qd7 Rc4 36. Qd8+ Kg7 37. Qxa5 Ra4 38. Qb6 Rxa2 39. d5 Nxd5 40.
Qxb5 Rh5 41. c4 Rhxh2+ 0-1

[Event "Merida op"]
[Site "Merida"]
[Date "1991.??.??"]
[Round "?"]
[White "Hernandez Onna, Roman"]
[Black "Ruiz, Alciguel"]
[Result "1-0"]
[WhiteElo "2445"]
[BlackElo "2270"]
[PlyCount "64"]
[EventDate "1991.??.??"]
[EventType "swiss"]
[EventRounds "9"]
[EventCountry "VEN"]
[SourceTitle "EXT 2000"]
[Source "ChessBase"]
[SourceDate "1999.11.16"]

1. c4 Nf6 2. Nc3 d5 3. cxd5 Nxd5 4. Nf3 Nxc3 5. bxc3 g6 6. e4 Bg7 7. d4 c5 8.
Be2 O-O 9. O-O Bg4 10. Be3 cxd4 11. cxd4 e6 12. Rb1 Nc6 13. d5 exd5 14. exd5
Na5 15. h3 Bf5 16. Rc1 b6 17. Qd2 Rc8 18. Bh6 Qd6 19. Bf4 Qa3 20. Nd4 Bd7 21.
Nb5 Bxb5 22. Bxb5 Nb7 23. d6 Rc5 24. Rxc5 Qxc5 25. Ba6 Nd8 26. Rc1 Qa3 27. Bc8
Bf6 28. d7 Qb2 29. Qxb2 Bxb2 30. Re1 Bf6 31. Re8 Kg7 32. Bh6+ Kxh6 1-0

[Event "Mexico City op"]
[Site "Mexico"]
[Date "1991.??.??"]
[Round "5"]
[White "Hernandez Onna, Roman"]
[Black "Navarro Segura, Roberto"]
[Result "1-0"]
[WhiteElo "2440"]
[BlackElo "2265"]
[PlyCount "61"]
[EventDate "1991.07.??"]
[EventType "swiss"]
[EventRounds "11"]
[EventCountry "MEX"]
[SourceTitle "TD"]
[Source "ChessBase"]
[SourceDate "1994.03.01"]

1. Nf3 d5 2. d4 Nf6 3. c4 dxc4 4. e3 c5 5. Bxc4 e6 6. O-O Nc6 7. Nc3 Be7 8. a3
cxd4 9. exd4 O-O 10. Re1 a6 11. Bd3 b5 12. Bc2 Bb7 13. Qd3 Rc8 14. d5 Na5 15.
Bg5 Rxc3 16. Qxc3 Nxd5 17. Bxe7 Nxe7 18. Ng5 h6 19. Rad1 Bd5 20. Bh7+ Kh8 21.
Be4 Nc4 22. Nh7 Qa8 23. Bxd5 Nxd5 24. Rxd5 Kxh7 25. Rd3 Rd8 26. b3 Nxa3 27. Rg3
g6 28. h4 Qd5 29. Qf6 Rd7 30. Re5 Qd1+ 31. Kh2 1-0

[Event "CUB-ch"]
[Site "Holguin"]
[Date "1991.??.??"]
[Round "2"]
[White "Guerra, Pablo"]
[Black "Hernandez Onna, Roman"]
[Result "1/2-1/2"]
[WhiteElo "2335"]
[BlackElo "2445"]
[PlyCount "22"]
[EventDate "1991.10.??"]
[EventType "swiss"]
[EventRounds "11"]
[EventCountry "CUB"]
[SourceTitle "EXT 1999"]
[Source "ChessBase"]
[SourceDate "1998.11.16"]

1. d4 Nf6 2. c4 e6 3. Nc3 Bb4 4. Qc2 b6 5. e4 c5 6. d5 Qe7 7. Be2 exd5 8. exd5
Qe4 9. Qd2 Qe7 10. Nf3 O-O 11. O-O Bxc3 1/2-1/2

[Event "CUB-ch"]
[Site "Holguin"]
[Date "1991.??.??"]
[Round "4"]
[White "Rodriguez Cespedes, Amador"]
[Black "Hernandez Onna, Roman"]
[Result "1-0"]
[WhiteElo "2530"]
[BlackElo "2445"]
[PlyCount "69"]
[EventDate "1991.10.??"]
[EventType "swiss"]
[EventRounds "11"]
[EventCountry "CUB"]
[SourceTitle "EXT 1999"]
[Source "ChessBase"]
[SourceDate "1998.11.16"]

1. e4 c5 2. Nf3 Nc6 3. d4 cxd4 4. Nxd4 g6 5. c4 Nf6 6. Nc3 d6 7. Be2 Nxd4 8.
Qxd4 Bg7 9. O-O O-O 10. Qd3 Be6 11. Bd2 Qb6 12. b3 Rfc8 13. Rac1 a6 14. Kh1 Qd8
15. f4 Rab8 16. Be3 Qa5 17. Ba7 Ra8 18. Bd4 b5 19. cxb5 axb5 20. Qxb5 Qa3 21.
Qd3 d5 22. exd5 Bf5 23. Qe3 Qb2 24. Bc4 h5 25. h3 h4 26. Kg1 Nd7 27. Bxg7 Kxg7
28. Kh1 Qa3 29. Rfe1 Kf8 30. Nb5 Qc5 31. Nd4 Qd6 32. Qf2 Qf6 33. Nc6 Re8 34. a4
Kg7 35. Bb5 1-0

[Event "CUB-ch"]
[Site "Holguin"]
[Date "1991.??.??"]
[Round "5"]
[White "Hernandez Onna, Roman"]
[Black "Perez Garcia, Rodney Oscar"]
[Result "1-0"]
[WhiteElo "2445"]
[BlackElo "2265"]
[PlyCount "53"]
[EventDate "1991.10.??"]
[EventType "swiss"]
[EventRounds "11"]
[EventCountry "CUB"]
[SourceTitle "EXT 1999"]
[Source "ChessBase"]
[SourceDate "1998.11.16"]

1. d4 d5 2. Nf3 Nf6 3. c4 e6 4. Nc3 Be7 5. Bg5 O-O 6. e3 h6 7. Bh4 b6 8. Bd3
Bb7 9. O-O Nbd7 10. Rc1 c5 11. cxd5 exd5 12. Qe2 a6 13. Bf5 g6 14. Bh3 g5 15.
Bxd7 Qxd7 16. Ne5 Qe6 17. Bg3 Ne4 18. Qh5 Kg7 19. f4 Nxg3 20. hxg3 f5 21. g4
gxf4 22. Ne2 fxg4 23. Nxf4 Qf5 24. Qxf5 Rxf5 25. Nh5+ Rxh5 26. Rf7+ Kg8 27.
Rxe7 1-0

[Event "CUB-ch"]
[Site "Holguin"]
[Date "1991.??.??"]
[Round "7"]
[White "Hernandez Onna, Roman"]
[Black "Calderin, Roberto"]
[Result "1/2-1/2"]
[WhiteElo "2445"]
[BlackElo "2345"]
[PlyCount "24"]
[EventDate "1991.10.??"]
[EventType "swiss"]
[EventRounds "11"]
[EventCountry "CUB"]
[SourceTitle "EXT 1999"]
[Source "ChessBase"]
[SourceDate "1998.11.16"]

1. d4 d5 2. c4 e6 3. Nc3 Nf6 4. Bg5 Be7 5. Nf3 h6 6. Bh4 O-O 7. e3 Ne4 8. Bxe7
Qxe7 9. Bd3 Nxc3 10. bxc3 dxc4 11. Bxc4 Nd7 12. O-O e5 1/2-1/2

[Event "CUB-ch"]
[Site "Holguin"]
[Date "1991.??.??"]
[Round "8"]
[White "Arencibia, Juan Joel"]
[Black "Hernandez Onna, Roman"]
[Result "1/2-1/2"]
[WhiteElo "2400"]
[BlackElo "2445"]
[PlyCount "20"]
[EventDate "1991.10.??"]
[EventType "swiss"]
[EventRounds "11"]
[EventCountry "CUB"]
[SourceTitle "EXT 1999"]
[Source "ChessBase"]
[SourceDate "1998.11.16"]

1. c4 e5 2. Nc3 Nf6 3. g3 d5 4. cxd5 Nxd5 5. Bg2 Nb6 6. Nf3 Nc6 7. O-O Be7 8.
a3 O-O 9. b4 Bf6 10. d3 Nd4 1/2-1/2